Η τελευταία οικονομική κρίση
Saved in:
| Main Author: | |
|---|---|
| Format: | Book |
| Language: | Greek French |
| Published: |
[Αθήνα] :
Οδυσσέας,
[1980].
|
| Series: | Σύγχρονα προβλήματα (Οδυσσέας)
|
| Subjects: | |
| Tags: |
Add Tag
No Tags, Be the first to tag this record!
|
MARC
| LEADER | 00000cam a2200000 i 4500 | ||
|---|---|---|---|
| 001 | 1/20365 | ||
| 008 | 960927s1980 gr | ||| |||| ||gre|| | ||
| 035 | |a 1987 |b 2 |c Τσιάκαλος |l 10036017 | ||
| 040 | |a GR-MyUA |b gre |e AACR2 | ||
| 041 | 1 | |a gre |h fre | |
| 082 | 7 | |a 330.9047 |2 (22) | |
| 100 | 1 | |a Mandel, Ernest. | |
| 245 | 1 | 2 | |a Η τελευταία οικονομική κρίση / |c Ερνεστ Μάντελ. |
| 260 | |a [Αθήνα] : |b Οδυσσέας, |c [1980]. | ||
| 490 | 1 | |a (Σύγχρονα προβλήματα / Οδυσσέας) | |
| 500 | |a Τίτλος πρωτοτύπου: La crise 1974-1978. | ||
| 650 | 0 | 0 | |a Economics |x History |y 1970-1979. |
| 830 | 0 | |a Σύγχρονα προβλήματα (Οδυσσέας) | |
| 852 | |a INST |b RHODES |e 19960927 |h 330.9047 MAN |p 005400009029 |q 005400009029 |t BK |y 0 | ||
| 909 | |a Ρ |b 006456 | ||
| 970 | |z 2000/06 | ||